<?xml version="1.0" encoding="UTF-8"?>
<record
    xmlns:xsi="http://www.w3.org/2001/XMLSchema-instance"
    xsi:schemaLocation="http://www.loc.gov/MARC21/slim http://www.loc.gov/standards/marcxml/schema/MARC21slim.xsd"
    xmlns="http://www.loc.gov/MARC21/slim">

  <leader>01903nam a22002057a 4500</leader>
  <controlfield tag="003">IT-MiCISF</controlfield>
  <controlfield tag="005">20220830113521.0</controlfield>
  <controlfield tag="008">220829b           ||||| |||| 00| 0 eng d</controlfield>
  <datafield tag="040" ind1=" " ind2=" ">
    <subfield code="c">IT-MiCISF</subfield>
  </datafield>
  <datafield tag="041" ind1=" " ind2=" ">
    <subfield code="a">IT</subfield>
  </datafield>
  <datafield tag="100" ind1=" " ind2=" ">
    <subfield code="a">Novara Daniele</subfield>
    <subfield code="9">57278</subfield>
  </datafield>
  <datafield tag="245" ind1=" " ind2=" ">
    <subfield code="a">I bambini sono sempre gli ultimi.</subfield>
    <subfield code="b">Come le istituzioni si stanno dimenticando del nostro futuro</subfield>
  </datafield>
  <datafield tag="260" ind1=" " ind2=" ">
    <subfield code="a">Milano</subfield>
    <subfield code="b">Rizzoli-Mondadori</subfield>
    <subfield code="c">2020</subfield>
  </datafield>
  <datafield tag="300" ind1=" " ind2=" ">
    <subfield code="a">pp. 204</subfield>
  </datafield>
  <datafield tag="500" ind1=" " ind2=" ">
    <subfield code="a">infanzia, diritti-bambino, societ&#xE0;, problemi-educazione</subfield>
  </datafield>
  <datafield tag="520" ind1=" " ind2=" ">
    <subfield code="a">Sono almeno vent&#x2019;anni che genitori e professionisti dell&#x2019;educazione assistono al progressivo abbandono dell&#x2019;infanzia da parte delle istituzioni, ma mai come durante la recente emergenza legata al Covid-19 la realt&#xE0; dei fatti &#xE8; stata sotto gli occhi di tutti. Il momento per interrogarsi davvero sulla situazione dei bambini nel nostro Paese, quindi, non pu&#xF2; pi&#xF9; essere rimandato, ed &#xE8; necessario cominciare dalle domande fondamentali: quando abbiamo smesso di occuparci di infanzia? Chi sono stati i principali agenti di questo disastro e, soprattutto, esiste un modo per rimettere i pi&#xF9; piccoli al centro delle preoccupazioni istituzionali? A queste domande risponde Daniele Novara, esperto di riferimento italiano sui temi della pedagogia e dell&#x2019;educazione, e che per primo ha lanciato l&#x2019;allarme sulla scuola durante la pandemia, dando voce al dissenso delle famiglie e dei professionisti dell&#x2019;educazione verso uno Stato indifferente, con una riflessione ad ampio raggio sulla considerazione di cui (non) godono i pi&#xF9; giovani nel nostro Paese e su cosa dovrebbero fare genitori, educatori e politici per rimettere infanzia e educazione al centro del dibattito. Perch&#xE9; i bambini sono, pi&#xF9; di ogni altra cosa, il nostro futuro. E ogni giorno ce ne dimentichiamo un po&#x2019; di pi&#xF9;.</subfield>
  </datafield>
  <datafield tag="650" ind1=" " ind2=" ">
    <subfield code="a">et&#xE0;-evolutiva</subfield>
    <subfield code="9">56123</subfield>
  </datafield>
  <datafield tag="654" ind1=" " ind2=" ">
    <subfield code="a">saggio</subfield>
  </datafield>
  <datafield tag="942" ind1=" " ind2=" ">
    <subfield code="2">ddc</subfield>
    <subfield code="c">BK</subfield>
  </datafield>
  <datafield tag="999" ind1=" " ind2=" ">
    <subfield code="c">359438</subfield>
    <subfield code="d">359438</subfield>
  </datafield>
  <datafield tag="952" ind1=" " ind2=" ">
    <subfield code="0">0</subfield>
    <subfield code="1">0</subfield>
    <subfield code="2">ddc</subfield>
    <subfield code="4">0</subfield>
    <subfield code="6">B_7703_000000000000000</subfield>
    <subfield code="7">1</subfield>
    <subfield code="a">CISF</subfield>
    <subfield code="b">CISF</subfield>
    <subfield code="d">2022-11-02</subfield>
    <subfield code="l">0</subfield>
    <subfield code="o">B7703</subfield>
    <subfield code="p">9788817153799</subfield>
    <subfield code="r">2022-11-02 00:00:00</subfield>
    <subfield code="w">2022-11-02</subfield>
    <subfield code="y">BK</subfield>
  </datafield>
</record>
